000 00804cam a2200277 a 4500
001 16289269
003 PILC
005 20150601143032.0
008 100617s2012 nyua 001 0 eng
010 _a 2010024757
020 _a9781259073908
020 _a1259073904
040 _aDLC
_cDLC
_dDLC
050 0 0 _aQA 152.3
_b.D867 2013
082 0 0 _a512.9
100 1 _aDugopolski, Mark.
245 1 0 _aAlgebra for college students /
_cMark Dugopolski.
250 _a6th ed.
260 _aNew York :
_bMcGraw-Hill,
_c2013.
300 _axxx, 890 pages :
_billustrations ;
_c27 cm.
500 _aIncludes appendix and index.
650 0 _aAlgebra.
906 _a7
_bcbc
_corignew
_d1
_eecip
_f20
_gy-gencatlg
942 _2lcc
_cBK
_kFOR
999 _c284559
_d284559